Doe zelf eens normaal, communistische smeris!
| Titel: | Doe zelf eens normaal, communistische smeris! : Een vergelijking van ontoelaatbaar taalgebruik in de parlamenten van Nederland en Tsjechie͏̈ = No, you act normal, communist copper! : A comparison of unacceptable language in the parliaments of the Netherlands and Czech Republic / Pim van der Horst |
|---|---|
| Verfasser: | |
| In: |
Brünner Beiträge zur Germanistik und Nordistik, Band 31, Heft 1 (2017), Seite 129-142 alle Artikel anzeigen |
| Veröffentlicht: | 2017 |
| Format: | Aufsatz |
| Sprache: | Niederländisch |
X
alg: 43217482 001A $04505:30-05-18 001B $01999:19-07-19 $t15:01:03.000 001C $04505:30-05-18 $t16:28:19.000 001D $04505:30-05-18 001U $0utf8 001X $00 002@ $0Aou 002C $aText $btxt $2rdacontent 002D $aohne Hilfsmittel zu benutzen $bn $2rdamedia 002E $aBand $bnc $2rdacarrier 003@ $0432174826 007A $0432174826 $aHEB 010@ $adut 010E $erda 011@ $a2017 021A $aDoe zelf eens normaal, communistische smeris! $dEen vergelijking van ontoelaatbaar taalgebruik in de parlamenten van Nederland en Tsjechie͏̈ $fNo, you act normal, communist copper! $fA comparison of unacceptable language in the parliaments of the Netherlands and Czech Republic $hPim van der Horst 028A $BVerfasser $4aut $7 $8Horst, Pim$cvan der [Tnu] $9432174281 031A $d31 $e1 $h129-142 $j2017 037A $aMit englischem Abstract 039B $aEnthalten in $8--Abvc--. Brünner Beiträge zur Germanistik und Nordistik. - Brno : Masarykova Univerzita, 1977-. - ISSN 1211-4979 $x201700000310001871 $9047483814 045T $a7,20 $a7,22 045T $aLING $qDE-30 $2FID 045T $aGER $qDE-30 $2FID 045W $801.01.07$jNiederländisch [Tkv] $9133116948 045W $801.07.17$jTschechisch [Tkv] $9133126447 045W $803.21.01.030$jKulturspezifische Kommunikation [Tkv] $9133112497 045W $803.21.12.035$jKontrastive Pragmatik [Tkv] $9133111504 045W $803.12.04.026$jSprachtabu [Tkv] $9133123928 045W $803.21.12.024$jHöflichkeit$vSprachstil [Tkv] $913310415X 045W $803.30.16$jPolitik$vrhetor. [Tkv] $9133118851 045W $803.21.07.031$jParlament$vKommunikation im [Tkv] $913311791X 045W $803.21.07.040$jStreitgespräch [Tkv] $9133124614 045W $803.21.02.006.04$jBeleidigung [Tkv] $9133081117 lok: 43217482 64 101B $030-05-18 $t16:28:19.000 101C $030-05-18 101U $0utf8 144Z/01 $ap @Wilders, Geert 144Z/02 $ap @Graus, Dion 144Z/03 $ap @Marijnissen, Jan 144Z/04 $ap @Özturk, Selçuk 144Z/05 $ap @Payne, Jiří 144Z/06 $ap @Škromach, Zdeněk 144Z/07 $ap @Rath, David 144Z/08 $ap @Krátký, Jiří 144Z/09 $ap @Kalousek, Miroslav 144Z/10 $ap @Babiš, Andrej exp: 43217482 64 1 #EPN 201B/01 $030-05-18 $t16:28:19.000 201C/01 $030-05-18 201U/01 $0utf8 203@/01 $01022869167 208@/01 $a30-05-18 $be 209A/01 $a0 $f000 $x00 209B/01 $a43 $x05 247C/01 $8Frankfurt, Bibliographie Linguistischer Literatur $9129368261 lok: 43217482 78 exp: 43217482 78 1 #EPN 201B/01 $008-07-20 $t08:25:27.000 201C/01 $008-07-20 201U/01 $0utf8 203@/01 $01114459615 208@/01 $a08-07-20 $be 209A/01 $a/ $f000 $x00 209A/01 $ab*p $x01 220C/01 $apgar 244Z/01 $#Böhmische Kronländer $#Länder der Böhmischen Krone $#Sudetenland $#Böhmen $#Mähren $#Mährisch-Schlesien $#Österreichisch-Schlesien $#Tschechische Sozialistische Republik Böhmische Länder $#Tschechei Böhmische Länder $#Země koruny české $74069573-6 $8--Tg1--Böhmische Länder $x01 $9085195553 247C/01 $82080>Marburg/Lahn, Herder-Institut, Forschungsbibliothek, Bibliographieportal $9336309341
| LEADER | 00000caa a2200000 c 4500 | ||
|---|---|---|---|
| 001 | 432174826 | ||
| 003 | DE-603 | ||
| 005 | 20190719150103.0 | ||
| 007 | tu | ||
| 008 | 180530s2017 xx |||| | u00||u|dut c | ||
| 035 | |a (DE-599)HEB432174826 | ||
| 040 | |a DE-603 |b ger |c DE-603 |d DE-603 |e rda | ||
| 041 | |a dut | ||
| 084 | |a 7,20 |a 7,22 |2 ssgn | ||
| 084 | |a LING |q DE-30 |2 fid | ||
| 084 | |a GER |q DE-30 |2 fid | ||
| 100 | 1 | |a Horst, Pim van der |e Verfasser |4 aut |0 (DE-603)432174281 | |
| 245 | 0 | 0 | |a Doe zelf eens normaal, communistische smeris! |b Een vergelijking van ontoelaatbaar taalgebruik in de parlamenten van Nederland en Tsjechie͏̈ = No, you act normal, communist copper! : A comparison of unacceptable language in the parliaments of the Netherlands and Czech Republic |c Pim van der Horst |
| 264 | 0 | |c 2017 | |
| 336 | |a Text |b txt |2 rdacontent | ||
| 337 | |a ohne Hilfsmittel zu benutzen |b n |2 rdamedia | ||
| 338 | |a Band |b nc |2 rdacarrier | ||
| 500 | |a Mit englischem Abstract | ||
| 773 | 0 | 8 | |i Enthalten in |t Brünner Beiträge zur Germanistik und Nordistik |d Brno : Masarykova Univerzita, 1977- |h 25 cm |x 1211-4979 |g Band 31, Heft 1 (2017), Seite 129-142 |w (DE-603)047483814 |w (DE-600)303173-1 |
| 924 | 0 | |9 603 |a (DE-603)1022869167 |b DE-603 |c HES |d d | |
| 924 | 0 | |9 2080 |a (DE-603)1114459615 |b DE-2080 |c HES |d d |g / | |


